Welcome to the Holygrace Academy Library

Please use search bar below to get started

ADVENTURE OF TIN-TIN (Record no. 8796)

MARC details
000 -LEADER
fixed length control field 00261nam a22001097a 4500
082 ## - DEWEY DECIMAL CLASSIFICATION NUMBER
Classification number 823
Item number PER/A
100 ## - MAIN ENTRY--AUTHOR NAME
Personal name PERCIRA, MONAROSE
245 ## - TITLE STATEMENT
Title ADVENTURE OF TIN-TIN
246 ## - VARYING FORM OF TITLE
Title proper/short title ADVENTURE OF TIN-TIN
Remainder of title ADVENTURE OF TIN-TIN
650 ## - SUBJECT ADDED ENTRY--TOPICAL TERM
Topical Term ENGLISH STORIES
942 ## - ADDED ENTRY ELEMENTS (KOHA)
Koha item type Books
Holdings
Withdrawn status Lost status Collection code Home library Current library Date acquired Source of acquisition Cost, normal purchase price Full call number Accession Number Koha item type
  Lost Fiction Main Library Main Library 13/03/2002 PURCHASED 35.00 823 PER/A 00592 Books